| 000 | 01984nam0a2200433 i 4500 | ||
|---|---|---|---|
| 001 | RU\NLR\BIBL_A\011682580 | ||
| 005 | 20241105071831.0 | ||
| 010 | _a9785984051118 | ||
| 035 | _a(RuMoRGB)006598995 | ||
| 035 | _a(NLR Aleph) 011682580 | ||
| 090 |
_a11294863 _c11294863 |
||
| 100 | _a20180416d2013 km y0rusy50 ca | ||
| 101 | 0 |
_arus _deng |
|
| 102 | _aRU | ||
| 105 | _aac||z|||000zy | ||
| 200 | 1 |
_aБхарат ятра _e[сборник статей об Индии] _fВелерий Кашин, Ирина Лаптева |
|
| 210 |
_aМосква _cВК _d2013 |
||
| 215 |
_a230, [1] с., [8] л. цв. ил., портр. _cил., портр., табл. _d21 |
||
| 300 | _aРез. англ. | ||
| 300 | _aНа 4-й с. обл. авт.: Кашин В.П. - историк, Лаптева И.А. - учитель англ. яз. | ||
| 311 | _aПродолж. кн.: "Слон для махараджи" и "Колосс Чандрагупты" | ||
| 320 | _aБиблиогр. в примеч. в конце ст. | ||
| 488 | 0 |
_12001#$aСлон для махараджи _tСлон для махараджи |
|
| 488 | 0 |
_12001#$aКолосс Чандрагупты _tКолосс Чандрагупты |
|
| 606 | 1 |
_aИскусство индийское _jСборники _91019892 _3RU\NLR\AUTH\6671871 |
|
| 606 | 1 |
_aПаломничества _yИндия _92223667 _3RU\NLR\AUTH\661335069 |
|
| 607 |
_aИндия _xИстория _9900439 _3RU\NLR\AUTH\667183 |
||
| 607 |
_aИндия _xПолитика и управление _z1945 - _92390019 _3RU\NLR\AUTH\661425372 |
||
| 686 | 1 | _aЩ03(5Ид)я44 | |
| 686 | 1 | _aТ3(5Ид)0,02 | |
| 686 | 1 | _aТ3(5Ид)63-5 | |
| 686 | 2 | _aЭ331-576 | |
| 700 | 1 |
_aКашин _bВ. П. _gВалерий Петрович |
|
| 701 | 1 |
_aЛаптева _bИ. А. _gИрина Александровна |
|
| 942 | _cBOOK | ||
| 980 | _aNBR | ||